Taiwan... or Thailand? - Statistics

General Stats
  • This quiz has been taken 793 times
  • The average score is 10 of 15
Answer Stats
Question Answer % Correct
Also known as "The Republic of China" Taiwan
99%
Formerly known as "Siam" Thailand
99%
Elephant is the National Symbol (or animal) Thailand
96%
Is an island country Taiwan
92%
Has a sun on its flag Taiwan
92%
Agriculture supplies 70% of employment Thailand
74%
Is NOT a member of the United Nations Taiwan
70%
Has a higher literacy rate of the two Taiwan
69%
Government is a monarchy Thailand
68%
Has a higher life expectancy of the two Taiwan
62%
Buddhism is the dominant religion Both
58%
Is a part of Indochina Thailand
53%
Its main export partner is China Taiwan
46%
The higher Gross Domestic Product (GDP) of the two Thailand
29%
Poverty rate is below 10% Both
24%
No matching quizzes found
Score Distribution
Percent of People with Each Score
Percentile by Number Answered
Your Score History
You have not taken this quiz